Statistics for Presidents and Prime Ministers of Slovakia

Click here to take the quiz!

General Stats

  • This quiz has been taken 334 times
    (235 since last reset)
  • The average score is 10 of 13

Answer Stats

TermName% Correct
2019-Zuzana Čaputová
99%
2014-2019Andrej Kiska
95%
2020-2021Igor Matovič
93%
2006-2010,
2012-2018
Robert Fico
93%
2021-Eduard Heger
86%
2018-2020Peter Pellegrini
86%
1992-1994,
1994-1998
Vladimír Mečiar
75%
2004-2014Ivan Gašparovič
74%
1993-1998Michal Kováč
70%
1998-2006Mikuláš Dzurinda
65%
2010-2012Iveta Radičová
61%
1999-2004Rudolf Schuster
60%
1994Jozef Moravčík
29%

Score Distribution

Percentile by Number Answered

Percent of People with Each Score

Your Score History

You have not taken this quiz since the last reset